000 01055nac a22002291u 4500
008 110427t xxu||||| |||| 00| 0 eng d
010 _a 97042909
020 _a0819425133 (hardcover)
020 _a8120323343 :
082 0 0 _a621.3822
_bDOU
100 _aDougherty, Edward R.
_923360
245 1 0 _aRandom processes for image and signal processing /
_cEdward R. Dougherty.
260 _aBellingham, Wash. :
_bSPIE Optical Engineering Press ;
_aNew Delhi:
_bPrintice Hall,2004.
_cc2004.
300 _axix, 592 p. :
_bill. ;
_c26 cm.
440 0 _aSPI/IEEE series on imaging science & engineering
_923361
504 _aIncludes bibliographical references (p. 575-581) and index.
650 0 _aImage processing
_xStatistical methods.
_923362
650 0 _aStochastic processes.
_923363
650 0 _aSignal processing
_xStatistical methods.
_923364
942 _cBB
_k621.3822 DOU
_2ddc
999 _c5160
_d5160